Sir Thomas Malory Le Morte D`Arthur / (Record no. 8715)
[ view plain ]
| 000 -LEADER | |
|---|---|
| fixed length control field | 00399cam a2200157ua 4500 |
| 041 ## - LANGUAGE CODE | |
| Language code of text/sound track or separate title | eng |
| 082 ## - DEWEY DECIMAL CLASSIFICATION NUMBER | |
| Classification number | 823.308 |
| Item number | RHY/SI |
| 100 ## - MAIN ENTRY--AUTHOR NAME | |
| Personal name | Rhys, Sirjohn . |
| 245 ## - TITLE STATEMENT | |
| Title | Sir Thomas Malory Le Morte D`Arthur / |
| 250 ## - EDITION STATEMENT | |
| Edition statement | 1 / |
| 260 ## - PUBLICATION, DISTRIBUTION, ETC. (IMPRINT) | |
| Place of publication | London : |
| Name of publisher | J M Dent and Sons Ltd , |
| Year of publication | 1961. |
| 300 ## - PHYSICAL DESCRIPTION | |
| Number of Pages | 409 ; . |
| 942 ## - ADDED ENTRY ELEMENTS (KOHA) | |
| Koha item type | Books |
| Withdrawn status | Lost status | Damaged status | Home library | Current library | Date acquired | Full call number | Accession Number | Koha item type | Public note |
|---|---|---|---|---|---|---|---|---|---|
| Withdrawn | KAUAET | KAUAET | 02/05/2024 | 823.31 | 4392 | Books | 11973 |
